000 00658nam a2200277Ia 4500
005 20260324124018.0
008 008 260324s9999 xx 000 0 eng d
020 _a9780203834145
037 _aEBOOK
040 _aCRL
040 _beng
040 _cCRL
041 _2eng
041 _aeng
084 _qCRL
100 _aRisto Alapuro; Arto Mustajoki; Pekka Pesonen
_91172516
245 0 _aUnderstanding Russianness
260 _bTaylor and Francis
260 _c2011
365 _a
365 _b240
856 _uhttp://www.taylorfrancis.com/books/9780203834145
942 _cEBOOK
999 _c1766528
_d1766528